000 00759nam a2200253 a 4500
999 _c4876
_d4876
001 2825877
003 GBCCL
005 20241126110528.0
008 831103s1983 oru 001 0 eng
010 _a 83081267
020 _a0890813892 (pbk.)
040 _aDLC
_cDLC
_dDLC
050 0 0 _aBS647.2
_b.V36 1983
082 0 0 _a236
_219
_bVAN
100 2 _aVander Lugt, Herbert.
_98876
245 1 0 _aThere's a new day coming! :
_ba survey of endtime events /
_cHerbert Vander Lugt.
260 _aEugene, Or. :
_bHarvest House Publishers,
_cc1983.
300 _a160 p. ;
_c21 cm.
500 _aIncludes index.
630 0 0 _aBible
_xProphecies.
_9457
650 0 _aEschatology.
_92009
906 _a7
_bcbc
_corignew
_d2
_eopcn
_f19
_gy-gencatlg
942 _2ddc
_cBK
_01